| 000 | 00727pam a2200241 a 4500 | ||
|---|---|---|---|
| 999 |
_c224 _d224 |
||
| 001 | 7273265 | ||
| 003 | OCoLC | ||
| 005 | 20180809165859.0 | ||
| 008 | 810311s1981 miu j 000 1 eng | ||
| 010 | _a81005101 /AC | ||
| 020 | _a0310439418 (pbk.) | ||
| 040 |
_aDLC _cDLC |
||
| 082 |
_a248.4 _bN833D |
||
| 092 |
_a813.69 _bN833D |
||
| 100 | 1 | _aNordtvedt, Matilda | |
| 245 | 1 | 0 |
_aDaddy isn't coming home / _cMatilda Nordtvedt |
| 260 |
_aGrand Rapids, Mich. : _bZordervan Pub. House, _cc1981 |
||
| 300 |
_a96 p. ; _c20 cm |
||
| 490 | 1 |
_aPathfinder novel ; _v13 |
|
| 520 | _aTen-year-old Fay learns to cope with her parents' divorce after she invites Jesus into her life | ||
| 830 | 0 |
_aPathfinder novel ; _v13 |
|
| 942 |
_2ddc _cBK |
||